Central Library OPAC University of Rajshahi

Experiences with economic reform : (Record no. 44909)

MARC details
000 -LEADER
fixed length control field 00733nam a2200229 a 4500
001 - CONTROL NUMBER
control field 44909
003 - CONTROL NUMBER IDENTIFIER
rucl marc code BD-RjUL
005 - DATE AND TIME OF LATEST TRANSACTION
control field 20211209053933.0
008 - FIXED-LENGTH DATA ELEMENTS--GENERAL INFORMATION
fixed length control field 160721s1995 bg ||||| |||| 00| 0 eng d
020 ## - INTERNATIONAL STANDARD BOOK NUMBER
International Standard Book Number 9840513192
035 ## - SYSTEM CONTROL NUMBER
System control number (BD-RjUL)45027
040 ## - CATALOGING SOURCE
Original cataloging agency BD-RjUL
Language of cataloging eng
Transcribing agency BD-RjUL
Modifying agency BD-RjUL
041 ## - LANGUAGE CODE
Language code of text/sound track or separate title eng
082 ## - DEWEY DECIMAL CLASSIFICATION NUMBER
Edition number 23
Classification number 330.95492
Author mark and year EXP 1995
245 ## - TITLE STATEMENT
Title Experiences with economic reform :
Remainder of title a review of Bangladesh's development 1995 /
Statement of responsibility, etc. Centre for policy dialogue
260 ## - PUBLICATION, DISTRIBUTION, ETC. (IMPRINT)
Place of publication, distribution, etc. Dhaka :
Name of publisher, distributor, etc. University press,
Date of publication, distribution, etc. 1995.
300 ## - PHYSICAL DESCRIPTION
Pagination xxvi, 470 p. :
Illustrations ill. ;
Size 25 cm.
650 ## - SUBJECT ADDED ENTRY--TOPICAL TERM
Topical term or geographic name as entry element Economic history.
9 (RLIN) 137618
Topical term or geographic name as entry element Economic policy.
Geographic subdivision Bangladesh
9 (RLIN) 137619
710 ## - ADDED ENTRY--CORPORATE NAME
Corporate name or jurisdiction name as entry element Centre for policy dialogue
9 (RLIN) 137601
942 ## - ADDED ENTRY ELEMENTS (KOHA)
Source of classification or shelving scheme Dewey Decimal Classification
Koha item type Books
Holdings
Lost status Source of classification or shelving scheme Damaged status Not for loan Collection code Permanent Location Current Location Shelving location Date acquired Source of acquisition Total Checkouts Full call number Date last seen Copy number Koha item type
  Dewey Decimal Classification   Not For Loan Non-fiction Central Library, University of Rajshahi Central Library, University of Rajshahi Reading Room 09/12/2003 Gift   330.95492 EXP 1995 21/07/2016 C-1 Books